|
|
|
|
| LEADER |
00837nam a2200241 a 4500 |
| 001 |
11986 |
| 003 |
BD-DhAAL |
| 008 |
090729s1994 enk 000 0 eng d |
| 999 |
|
|
|c 2978
|d 2978
|
| 010 |
|
|
|a 2007942265
|
| 020 |
|
|
|a 0140620540
|
| 040 |
|
|
|a DLC
|c DLC
|d BD-DhAAL
|
| 082 |
0 |
0 |
|a 823.7
|2 20
|
| 100 |
1 |
|
|a Austen, Jane.
|9 39169
|
| 245 |
1 |
0 |
|a Persuasion /
|c Jane Austen.
|
| 260 |
|
|
|a London :
|b Penguin Books,
|c 1994.
|
| 300 |
|
|
|a 254 pages ;
|c 18 cm.
|
| 490 |
|
|
|a Penguin popular classics.
|
| 541 |
1 |
|
|e 11986
|
| 600 |
1 |
0 |
|a Austen, Jane,
|y 1775-1817.
|x Persuasion.
|9 39170
|
| 852 |
4 |
|
|a Ayesha Abed Library
|j General Stacks
|
| 942 |
|
|
|2 ddc
|c BK
|
| 952 |
|
|
|0 0
|1 0
|2 ddc
|4 0
|6 823_700000000000000_AUS
|7 0
|9 2693
|a BRACUL
|b BRACUL
|c GEN
|d 2009-08-18
|g 0.00
|l 26
|m 172
|o 823.7 AUS
|p 3010011986
|r 2026-03-29
|s 2026-03-08
|t 1
|y BK
|x No price found in the accession register.
|